000 00365nam a2200145Ia 4500
008 150201s2010 xx 000 0 und d
082 _a616.0707
_bO2010N
100 _aNEVILLE,BRAD W.
245 _aORAL AND MAXILLOFACIAL PATHOLOGY
250 _a3RD
260 _bSAUNDERS
_aPHILADELPHIA
_c2010
300 _a1-968
650 _aORAL PATHOLOGY
942 _2ddc
_cBK
_08
999 _c4577
_d4577